01613nam a2200217 a 4500003000900000005001700009007000300026008004100029040003000070082001400100245019900114246018900313264004900502300005600551336002700607337003300634338002800667505062300695650002501318650005201343DO-SdBNP20250522113441.0ta220509e2019 dr ao||er|||| 001 0 spa d aDO-SdBNPbspacBNPHUerda 4222bP969g04aProyecto, "gestión municipal participativa: binclusión del enfoque de derechos de la niñez en la administración pública local del Gran Santo Domingo /cfotografía, Michelle Puesán10aGuía sobre derechos de la niñez en la gestión pública, marco legal, roles, políticas inclusivas y participación social dirigido a autoridades locales e instancias garantes. 1a[Santo Domingo] :bSave the Children, c2019 a74 paginas :bilustraciones, fotografías,c28 cm. 2rdacontentatextobtxt 2rdamediaasin mediaciónbn 2rdacarrieravolumenbnc t1. Antecedentes.--t2. Derechos de la niñez: Marco legal nacional e internacional.--t3. Instancias garantes de los derechos de niños, niñas y adolescentes.--t4. Gestión Pública con enfoque de los derechos de la niñez.--t5. Participación de niños, niñas y adolescentes.--t6. Control social y veeduría.--t7. Derechos de la niñez e inclusión social.--t8. Política de inclusión de niños, niñas y adolescentes.--t9. Género y derechos de la niñez.--t10. Discapacidad en niños, niñas y adolescentes.--t11. Mecanismo de no discriminación.--t12. Referencias bibliográficas. 0aNiñosxcrecimiento 4aDerechos de los niñoszRepública Dominicana